The 7 Continents by Total Land Area - Statistics

General Stats
  • This quiz has been taken 676 times
  • The average score is 6 of 7
Answer Stats
Area (km²) Continent Area (mi²) % Correct
44,579,000 Asia 17,212,000
100%
30,222,000 Africa 11,669,000
97%
24,709,000 North America 9,540,000
94%
17,840,000 South America 6,890,000
93%
10,180,000 Europe 3,930,000
85%
8,526,000 Oceania 3,292,000
83%
13,720,000 Antarctica 5,300,000
82%
No matching quizzes found
Score Distribution
Percent of People with Each Score
Percentile by Number Answered
Your Score History
You have not taken this quiz